书目信息 |
| 题名: |
放下的幸福
|
|
| 作者: | 圣严法师 著 | |
| 分册: | ||
| 出版信息: | 北京 华文出版社 2016.1 |
|
| 页数: | 211页 | |
| 开本: | 23cm | |
| 丛书名: | ||
| 单 册: | ||
| 中图分类: | B82-49 | |
| 科图分类: | ||
| 主题词: | 幸福--通俗读物 | |
| 电子资源: | ||
| ISBN: | 978-7-5075-4389-6 | |
| 000 | 00966nam0 2200229 45 | |
| 001 | 012001001596 | |
| 005 | 20140921103355.0 | |
| 010 | @a978-7-5075-4389-6@dCNY30.00 | |
| 100 | @a20151214d2016 em y0chiy0110 ea | |
| 101 | 0 | @achi |
| 102 | @aCN@b110000 | |
| 105 | @ay z 000yy | |
| 106 | @ar | |
| 200 | 1 | @a放下的幸福@9fang xia de xing fu@f圣严法师著 |
| 210 | @a北京@c华文出版社@d2016.1 | |
| 215 | @a211页@d23cm | |
| 330 | @a幸福,是每个人都想要并不断追求的。可是为什么一个人能得到一切却仍旧不幸福?因为幸福其实是来自自我的“放下”、烦恼的“消融”,而不是任何东西的“获得”。本书作者圣严法师擅长以短短的几句话,为一般人不易厘清的观念做出精彩的说明。法师在这本书中要告诉我们的是:真正的幸福,不必依赖任何外在的人和事物,也不是来自变幻无常的情绪与感觉,而是心的一种清楚、愉快与平静的状态。 | |
| 606 | 0 | @a幸福@x通俗读物 |
| 690 | @aB82-49@v5 | |
| 701 | 0 | @a圣严法师@9sheng yan fa shi@4著 |
| 801 | 0 | @aCN@b上海新华@c20180901 |
| 905 | @b1044031-5@dB82-49@e1137@f5 | |
| 放下的幸福/圣严法师著.-北京:华文出版社,2016.1 |
| 211页;23cm |
| ISBN 978-7-5075-4389-6:CNY30.00 |
| 幸福,是每个人都想要并不断追求的。可是为什么一个人能得到一切却仍旧不幸福?因为幸福其实是来自自我的“放下”、烦恼的“消融”,而不是任何东西的“获得”。本书作者圣严法师擅长以短短的几句话,为一般人不易厘清的观念做出精彩的说明。法师在这本书中要告诉我们的是:真正的幸福,不必依赖任何外在的人和事物,也不是来自变幻无常的情绪与感觉,而是心的一种清楚、愉快与平静的状态。 |
| ● |
| 相关链接 |
|
|
|
|
正题名:放下的幸福
索取号:B82-49/1137
 
预约/预借
| 序号 | 登录号 | 条形码 | 馆藏地/架位号 | 状态 | 备注 |
| 1 | 1044031 | 210440316 | 第一样本阅览室/ [索取号:B82-49/1137] | 在馆 | |
| 2 | 1044032 | 210440325 | 第一借阅区/ [索取号:B82-49/1137] | 在馆 | |
| 3 | 1044033 | 210440334 | 第一借阅区/ [索取号:B82-49/1137] | 在馆 | |
| 4 | 1044034 | 210440343 | 第一借阅区/ [索取号:B82-49/1137] | 在馆 | |
| 5 | 1044035 | 210440352 | 第一借阅区/ [索取号:B82-49/1137] | 在馆 |